000 00943nam a2200313 i 4500
001 42585
003 ES-MaACL
005 20250728095141.0
007 t|
008 030407s2001 sp ||||0| spa j
020 _a84-7976-025-7
040 _aM-BN
_bspa
_cM-BN
080 _a327:17
080 _a330.82
080 _a81:1
100 1 _aChomsky, Noam,
_d1928-
_938607
245 1 0 _aPerspectivas sobre el poder /
_cNoam Chomsky ; prefacio, Iolanda Tortajada.
250 _a1ª ed.
260 _aEsplugues de Llobregat :
_bEl Roure,
_c2001.
300 _aXIII, 243 p. ;
_c22 cm.
490 1 _aApertura
650 1 4 _aRelaciones internacionales-
_xAspectos morales.
_916784
650 7 _aLiberalismo económico
_2embne
_9135483
650 4 _aLenguaje-
_xFilosofía.
_914344
700 1 _aTortajada, Iolanda.
_9111073
830 0 _aApertura
_9229831
852 _aES-MaACL
_jL-26218
_bR.131397
999 _c42585
_d42585